| 000 | 01747cpcaa2200337 a 4500 | ||
|---|---|---|---|
| 001 | mm2009085474 | ||
| 003 | DLC | ||
| 005 | 20260227111731.0 | ||
| 008 | 090814|||||||||||| eng | ||
| 010 | _amm2009085474 | ||
| 040 |
_aDLC _cDLC _edacs _dDLC |
||
| 072 | 7 |
_aW _2lcmd |
|
| 100 | 1 |
_aBorthwick, A. A. _q(Arthur Austin), _d1836-1909. |
|
| 245 | 0 | 0 |
_aA.A. Borthwick diaries, _f1857-1865. |
| 300 |
_a3 _fitems. |
||
| 506 | _aOpen to research. | ||
| 520 | 8 | _aDiaries (1864 January 1-1865 December 2) kept by Borthwick during his Civil War service with the 157th New York Infantry Regiment in Florida, Georgia, and South Carolina. Subjects include army life, illnesses, casualties, and troop movements. Diaries also contain entries pertaining to civilian life in New York following the war, financial accounts, and lists of correspondence sent and received. Also includes a diary (1857 January 1-December 30) kept by Borthwick relating to personal affairs. | |
| 545 | 0 | _aUnion army soldier. | |
| 546 | _aCollection material in English. | ||
| 610 | 1 | 0 |
_aUnited States. _bArmy _xMilitary life. |
| 610 | 1 | 0 |
_aUnited States. _bArmy. _bNew York Infantry Regiment, 157th (1862-1865) |
| 651 | 0 |
_aFlorida _xHistory _yCivil War, 1861-1865. |
|
| 651 | 0 |
_aGeorgia _xHistory _yCivil War, 1861-1865. |
|
| 651 | 0 |
_aNew York (State) _xHistory _yCivil War, 1861-1865. |
|
| 651 | 0 |
_aNew York (State) _xSocial life and customs. |
|
| 651 | 0 |
_aSouth Carolina _xHistory _yCivil War, 1861-1865. |
|
| 651 | 0 |
_aUnited States _xHistory _yCivil War, 1861-1865. |
|
| 656 | 7 |
_aSoldiers. _2itoamc |
|
| 999 |
_c44795 _d44795 |
||